• 首页
  • 本馆介绍
  • 公告通知
  • 最新文献
  • 馆藏检索
  • 电子资源
  • 读者导购
  • 参考咨询
  • 我的图书馆
  • 登录
  • 详细信息显示
  • 放入我的书架
  • 预约/预借图书
  • 作者相关作品
  • 分类相关作品
  • 丛书相关作品
  • 出版社相关作品

书目信息

  • 表格格式
  • 工作单格式
  • 卡片格式
题名:
目前的形势和任务
    
 
作者: 邓小平 著
分册:  
出版信息: 北京   人民出版社  1980.2
页数: 45页
开本: 19cm
丛书名:
单 册:
中图分类: D22
科图分类:
主题词: 中国共产党
电子资源:
ISBN:
000 00610nam0 2200205 45
001 0305191592
005 20070923161952.93
010    @dCNY0.11
091    @a3001.1736
100    @a20030519d1980 km y0chiy0120 ea
101 0  @achi
200 1  @a目前的形势和任务@AMu Qian De Xing Shi He Ren Wu@e1980年1月16日@E1980 Nian 1 Yue 16 Ri@f邓小平著@FDeng Xiao Ping Zhu
210    @a北京@c人民出版社@d1980.2
215    @a45页@d19cm
517    @a1980年1月16日@A1980 Nian 1 Yue 16 Ri
606 0  @a中国共产党
690    @aD22@v3
701  0 @a邓小平@4著
801    @aCN@bTSTC@c20070923
905    @dD22@e8@f1@b22352@f1@b22355
    
    目前的形势和任务:1980年1月16日/邓小平著.-北京:人民出版社,1980.2
    45页;19cm
    
    
    ISBN :CNY0.11
    
●
相关链接 在E读中查询图书 在五车中查询图书 在当当中查询图书 在豆瓣中查询图书


正题名:目前的形势和任务     索取号:D22/8         预约/预借

序号 登录号 条形码 馆藏地/架位号 状态 备注
1 0022351   001010970   第一样本阅览室/ [索取号:D22/8] 在馆    
2 0022352   001724904   密集书库/ [索取号:D22/8] 在馆    
3 0022353   001707736   密集书库/ [索取号:D22/8] 在馆    
4 0022354   001795980   密集书库/ [索取号:D22/8] 在馆    
5 0022355   001724913   密集书库/ [索取号:D22/8] 在馆    
6 0440337   204403378   密集书库/ [索取号:D22/8] 在馆    
7 0448708   204487082   密集书库/ [索取号:D22/8] 在馆    
8 0624626   206246267   密集书库/ [索取号:D22/8] 在馆    
唐山师范学院图书馆 欢迎您!
大连网信软件有限公司© 版权所有